Statistics for FIFA 23 TOTY Icons

Click here to take the quiz!

General Stats

  • This quiz has been taken 293 times
    (286 since last reset)
  • The average score is 12 of 14

Answer Stats

ratposinationplayer% Correct
Team 295LWBrazilRonaldinho
94%
Team 295STGermanyGerd Müller
93%
Team 191CBSerbiaNemanja Vidić
93%
Team 292GKNetherlandsEdwin van der Sar
92%
Team 193RBArgentinaJavier Zanetti
92%
Team 193CMItalyAndrea Pirlo
90%
Team 194RMEnglandDavid Beckham
90%
Team 194CFNetherlandsRuud Gullit
89%
Team 291LBEnglandAshley Cole
88%
Team 1 SBC93STMexicoHugo Sánchez
83%
Team 192LMFranceRobert Pires
83%
Team 294CBItalyAlessandro Nesta
80%
Team 292CDMFranceClaude Makélélé
79%
Team 2 SBC92CDMSpainXabi Alonso
77%

Score Distribution

Percentile by Number Answered

Percent of People with Each Score

Your Score History

You have not taken this quiz since the last reset